[Event "7th Capablanca Memorial GM 2019"]
[Site "Anogia"]
[Date "2019.09.16"]
[Round "6.3"]
[White "Audi Ameya"]
[Black "Dushyant Sharma"]
[Result "1-0"]
[WhiteElo "2329"]
[BlackElo "2242"]
[Annotator "ChessBase"]
[PlyCount "129"]
[EventDate "2019.09.11"]
[EventType "tourn"]
[EventCountry "GRE"]
[SourceTitle "playchess.com"]
[Source "ChessBase"]
[SourceQuality "1"]
[TimeControl "40/5400+30:1800+30"]

1. e4 {[%emt 0:00:00]} e5 {[%emt 0:00:00]} 2. Nf3 {[%emt 0:00:00]} Nc6 {[%emt 0:00:00]} 3. Bc4 {[%emt 0:00:00]} Bc5 {[%emt 0:00:00]} 4. O-O {[%emt 0:00:00]} Nf6 {[%emt 0:00:06]} 5. Re1 {[%emt 0:00:48]} O-O {[%emt 0:00:54]} 6. d3 {[%emt 0:00:07]} a6 {[%emt 0:07:36]} 7. c3 {[%emt 0:00:44]} d6 {[%emt 0:07:25]} 8. a4 {[%emt 0:00:18]} Ba7 {[%emt 0:00:28]} 9. h3 {[%emt 0:04:38]} h6 {[%emt 0:02:01]} 10. Nbd2 {[%emt 0:00:50]} Ne7 {[%emt 0:02:25]} 11. Nf1 {[%emt 0:01:01]} Ng6 {[%emt 0:00:12]} 12. Ng3 {[%emt 0:00:03]} Be6 {[%emt 0:01:21]} 13. Bxe6 {[%emt 0:10:59]} fxe6 {[%emt 0:00:07]} 14. Qb3 {[%emt 0:00:05]} Qc8 {[%emt 0:04:10]} 15. d4 {[%emt 0:02:56]} exd4 {[%emt 0:03:19]} 16. Nxd4 {[%emt 0:06:53]} Re8 {[%emt 0:00:55]} 17. Nf3 {[%emt 0:06:02]} d5 {[%emt 0:05:04]} 18. Qc2 {[%emt 0:02:40]} Nf8 {[%emt 0:07:18]} 19. a5 {[%emt 0:03:15]} c6 {[%emt 0:03:12]} 20. e5 {[%emt 0:01:56]} N6h7 {[%emt 0:04:02]} 21. Ra4 {[%emt 0:00:36]} Re7 {[%emt 0:01:11]} 22. Rg4 {[%emt 0:08:52]} Kh8 {[%emt 0:00:38]} 23. h4 {[%emt 0:00:03]} Qe8 {[%emt 0:04:03]} 24. h5 {[%emt 0:00:28]} Rf7 {[%emt 0:01:01]} 25. Re2 {[%emt 0:00:49]} Nd7 {[%emt 0:05:36]} 26. Nh4 {[%emt 0:01:10]} Nhf8 {[%emt 0:00:28]} 27. Ng6+ {[%emt 0:12:02]} Nxg6 {[%emt 0:01:59]} 28. hxg6 {[%emt 0:01:02]} Rxf2 {[%emt 0:07:19]} 29. Rxf2 {[%emt 0:00:08]} Bxf2+ {[%emt 0:00:52]} 30. Kxf2 {[%emt 0:09:46]} Nxe5 {[%emt 0:00:12]} 31. Rb4 {[%emt 0:00:09]} Qe7 {[%emt 0:00:47]} 32. Kg1 {[%emt 0:06:47]} Rf8 {[%emt 0:01:29]} 33. Rf4 {[%emt 0:03:16]} Rf6 {[%emt 0:01:37]} 34. Be3 {[%emt 0:07:15]} Nxg6 {[%emt 0:02:34]} 35. Rxf6 {[%emt 0:00:06]} Qxf6 {[%emt 0:00:07]} 36. Nh5 {[%emt 0:00:16]} Qh4 {[%emt 0:01:37]} 37. Qe2 {[%emt 0:01:53]} Kh7 {[%emt 0:08:30]} 38. Bd4 {[%emt 0:04:52]} e5 {[%emt 0:00:47]} 39. Bf2 {[%emt 0:00:38]} Qg5 {[%emt 0:01:17]} 40. Be3 {[%emt 0:00:00]} Qh4 {[%emt 0:00:00]} 41. Qf3 {[%emt 0:08:42]} Qe1+ {[%emt 0:17:39]} 42. Kh2 {[%emt 0:00:06]} Qh4+ {[%emt 0:00:40]} 43. Qh3 {[%emt 0:00:04]} Qe7 {[%emt 0:01:09]} 44. Qf5 {[%emt 0:10:16]} Qh4+ {[%emt 0:00:11]} 45. Qh3 {[%emt 0:00:03]} Qe7 {[%emt 0:00:09]} 46. Ng3 {[%emt 0:00:08]} Qf6 {[%emt 0:10:26]} 47. Nf5 {[%emt 0:00:22]} c5 {[%emt 0:05:45]} 48. g4 {[%emt 0:04:54]} Nf4 {[%emt 0:00:09]} 49. Bxf4 {[%emt 0:03:48]} exf4 {[%emt 0:00:02]} 50. Qh4 {[%emt 0:00:09]} g5 {[%emt 0:01:38]} 51. Qe1 {[%emt 0:01:26]} h5 {[%emt 0:00:38]} 52. Qe8 {[%emt 0:01:00]} hxg4 {[%emt 0:01:57]} 53. Qd7+ {[%emt 0:00:17]} Kh8 {[%emt 0:03:54]} 54. Qxd5 {[%emt 0:04:46]} g3+ {[%emt 0:00:30]} 55. Kg1 {[%emt 0:00:17]} Qf8 {[%emt 0:06:50]} 56. Qd7 {[%emt 0:02:21]} Kg8 {[%emt 0:01:29]} 57. Ne7+ {[%emt 0:02:33]} Kf7 {[%emt 0:01:23]} 58. Nc6+ {[%emt 0:00:52]} Kg8 {[%emt 0:00:55]} 59. Ne5 {[%emt 0:00:09]} Qf6 {[%emt 0:00:22]} 60. Qc8+ {[%emt 0:00:16]} Kg7 {[%emt 0:00:31]} 61. Qxb7+ {[%emt 0:00:03]} Kg8 {[%emt 0:00:38]} 62. Qb8+ {[%emt 0:00:22]} Kh7 {[%emt 0:00:26]} 63. Qc7+ {[%emt 0:00:10]} Kg8 {[%emt 0:00:10]} 64. Qxc5 {[%emt 0:00:10]} Qd8 {[%emt 0:01:06]} 65. Qc4+ {[%emt 0:00:14]} 1-0

[Event "7th Capablanca Memorial GM 2019"]
[Site "Anogia"]
[Date "2019.09.16"]
[Round "6.4"]
[White "Patrelakis, Evaggelos"]
[Black "Manish Anto Cristiano F"]
[Result "1/2-1/2"]
[WhiteElo "2202"]
[BlackElo "2364"]
[Annotator "ChessBase"]
[PlyCount "52"]
[EventDate "2019.09.11"]
[EventType "tourn"]
[EventCountry "GRE"]
[SourceTitle "playchess.com"]
[Source "ChessBase"]
[SourceQuality "1"]
[TimeControl "40/5400+30:1800+30"]

1. e4 {[%emt 0:00:01]} c5 {[%emt 0:00:00]} 2. Nf3 {[%emt 0:00:14]} d6 {[%emt 0:00:01]} 3. d4 {[%emt 0:00:07]} cxd4 {[%emt 0:00:32]} 4. Nxd4 {[%emt 0:00:08]} Nf6 {[%emt 0:00:30]} 5. Nc3 {[%emt 0:00:29]} a6 {[%emt 0:00:30]} 6. Bg5 {[%emt 0:00:09]} e6 {[%emt 0:00:32]} 7. f4 {[%emt 0:00:15]} Nbd7 {[%emt 0:00:28]} 8. Qf3 {[%emt 0:00:09]} Qc7 {[%emt 0:00:31]} 9. O-O-O {[%emt 0:00:09]} b5 {[%emt 0:00:30]} 10. Bd3 {[%emt 0:01:08]} Bb7 {[%emt 0:00:29]} 11. Rhe1 {[%emt 0:00:09]} Be7 {[%emt 0:00:31]} 12. Qg3 {[%emt 0:00:32]} b4 {[%emt 0:00:32]} 13. Nd5 {[%emt 0:00:13]} exd5 {[%emt 0:00:27]} 14. exd5 {[%emt 0:00:10]} Kd8 {[%emt 0:00:32]} 15. Nc6+ {[%emt 0:02:18]} Bxc6 {[%emt 0:00:29]} 16. dxc6 {[%emt 0:00:09]} Nc5 {[%emt 0:00:29]} 17. Bc4 {[%emt 0:09:21]} Kc8 {[%emt 0:14:42]} 18. Bh4 {[%emt 0:10:13]} g6 {[%emt 0:12:20]} 19. Bxf7 {[%emt 0:03:23]} Kb8 {[%emt 0:04:21]} 20. Qe3 {[%emt 0:15:01]} Bd8 {[%emt 0:10:51]} 21. Qd4 {[%emt 0:16:21]} Rf8 {[%emt 0:04:30]} 22. Qxb4+ {[%emt 0:09:10]} Ka7 {[%emt 0:01:36]} 23. Bf2 {[%emt 0:07:41]} Rb8 {[%emt 0:05:41]} 24. Bxc5+ {[%emt 0:03:35]} dxc5 {[%emt 0:00:19]} 25. Qxc5+ {[%emt 0:00:02]} Qb6 {[%emt 0:04:57]} 26. Qxb6+ {[%emt 0:00:22]} Kxb6 {[%emt 0:02:18]} 1/2-1/2

[Event "7th Capablanca Memorial GM 2019"]
[Site "Anogia"]
[Date "2019.09.16"]
[Round "6.5"]
[White "Ioannidis, Evgenios"]
[Black "Anagnostopoulos, Konstantinos"]
[Result "1-0"]
[WhiteElo "2390"]
[BlackElo "2322"]
[Annotator "NA"]
[PlyCount "41"]
[EventDate "2019.09.11"]
[EventType "tourn"]
[EventCountry "GRE"]
[SourceTitle "playchess.com"]
[Source "ChessBase"]
[SourceQuality "1"]
[TimeControl "40/5400+30:1800+30"]

1. d4 {[%emt 0:00:52]} Nf6 {[%emt 0:01:32]} 2. c4 {[%emt 0:00:28]} e6 {[%emt 0:00:08]} 3. Nf3 {[%emt 0:03:48]} d5 {[%emt 0:00:10]} 4. Nc3 {[%emt 0:00:12]} Bb4 {[%emt 0:00:05]} 5. Qa4+ {[%emt 0:00:53]} Nc6 {[%emt 0:00:23]} 6. Bg5 {[%emt 0:00:07]} h6 {[%emt 0:04:02]} 7. Bxf6 {[%emt 0:00:07]} Qxf6 {[%emt 0:00:17]} 8. cxd5 {[%emt 0:00:49]} exd5 {[%emt 0:01:53]} 9. e3 {[%emt 0:00:22]} O-O {[%emt 0:00:57]} 10. Rc1 {[%emt 0:00:20]} Qg6 {[%emt 0:06:04]} 11. Qd1 {[%emt 0:01:12]} f5 {[%emt 0:23:36]} 12. g3 {[%emt 0:09:09]} f4 {[%emt 0:05:25]} 13. gxf4 {[%emt 0:02:22]} Bg4 {[%emt 0:00:43]} 14. Be2 {[%emt 0:05:52]} Rae8 {[%emt 0:17:39]} 15. Rg1 {[%emt 0:09:29]} Qh5 {[%emt 0:04:57]} 16. Ne5 {[%emt 0:04:26]} Bxe2 {[%emt 0:00:23]} 17. Qxe2 {[%emt 0:00:09]} Bxc3+ {[%emt 0:04:05]} 18. Rxc3 {[%emt 0:05:04]} Qxh2 {[%emt 0:08:24]} 19. Qg4 {[%emt 0:07:17]} g5 {[%emt 0:00:10]} 20. Rc1 {[%emt 0:06:27]} Nxd4 {[%emt 0:08:29]} 21. Rg2 {[%emt 0:01:19]} 1-0

[Event "7th Capablanca Memorial GM 2019"]
[Site "Anogia"]
[Date "2019.09.17"]
[Round "7.1"]
[White "Anagnostopoulos, Konstantinos"]
[Black "Moiseenko, Vadim"]
[Result "1-0"]
[WhiteElo "2322"]
[BlackElo "2543"]
[Annotator "RC"]
[PlyCount "76"]
[EventDate "2019.09.11"]
[EventType "tourn"]
[EventCountry "GRE"]
[SourceTitle "playchess.com"]
[Source "ChessBase"]
[SourceQuality "1"]
[TimeControl "40/5400+30:1800+30"]

1. c4 {[%emt 0:01:02]} c5 {[%emt 0:05:49]} 2. Nf3 {[%emt 0:00:07]} Nf6 {[%emt 0:00:15]} 3. Nc3 {[%emt 0:00:07]} Nc6 {[%emt 0:00:07]} 4. e3 {[%emt 0:00:45]} g6 {[%emt 0:00:07]} 5. d4 {[%emt 0:00:05]} cxd4 {[%emt 0:00:03]} 6. exd4 {[%emt 0:00:07]} d5 {[%emt 0:00:03]} 7. cxd5 {[%emt 0:00:22]} Nxd5 {[%emt 0:00:04]} 8. Qb3 {[%emt 0:00:37]} Nxc3 {[%emt 0:00:06]} 9. Bc4 {[%emt 0:02:02]} Nd5 {[%emt 0:00:09]} 10. Bxd5 {[%emt 0:00:05]} e6 {[%emt 0:00:04]} 11. Bxc6+ {[%emt 0:00:07]} bxc6 {[%emt 0:00:04]} 12. O-O {[%emt 0:01:05]} Be7 {[%emt 0:00:09]} 13. Bd2 {[%emt 0:11:54]} Qd5 {[%emt 0:00:32]} 14. Rfe1 {[%emt 0:00:23]} f6 {[%emt 0:02:18]} 15. Rac1 {[%emt 0:04:30]} Bd7 {[%emt 0:14:10]} 16. Rc4 {[%emt 0:03:31]} O-O {[%emt 0:02:43]} 17. Bb4 {[%emt 0:06:39]} Rab8 {[%emt 0:01:10]} 18. Qc3 {[%emt 0:06:40]} Bxb4 {[%emt 0:00:05]} 19. Rxb4 {[%emt 0:00:03]} Qxa2 {[%emt 0:01:09]} 20. Nd2 {[%emt 0:08:23]} a5 {[%emt 0:07:57]} 21. Rxb8 {[%emt 0:01:00]} Rxb8 {[%emt 0:00:04]} 22. Ne4 {[%emt 0:07:55]} Qxb2 {[%emt 0:04:24]} 23. Nxf6+ {[%emt 0:02:55]} Kg7 {[%emt 0:00:05]} 24. Qxb2 {[%emt 0:00:49]} Rxb2 {[%emt 0:00:05]} 25. Nxd7 {[%emt 0:00:20]} a4 {[%emt 0:00:02]} 26. Ra1 {[%emt 0:01:14]} a3 {[%emt 0:00:07]} 27. g3 {[%emt 0:00:20]} a2 {[%emt 0:00:05]} 28. Kg2 {[%emt 0:00:03]} g5 {[%emt 0:03:06]} 29. Ne5 {[%emt 0:02:43]} Rc2 {[%emt 0:00:12]} 30. Nd3 {[%emt 0:01:56]} h5 {[%emt 0:05:57]} 31. Kf3 {[%emt 0:05:57]} Kf6 {[%emt 0:01:31]} 32. h3 {[%emt 0:03:47]} h4 {[%emt 0:00:23]} 33. gxh4 {[%emt 0:02:35]} gxh4 {[%emt 0:00:04]} 34. Ke4 {[%emt 0:04:40]} Re2+ {[%emt 0:00:55]} 35. Kf4 {[%emt 0:00:14]} Rc2 {[%emt 0:00:09]} 36. f3 {[%emt 0:01:28]} Rd2 {[%emt 0:02:19]} 37. Ke3 {[%emt 0:01:06]} Rc2 {[%emt 0:00:04]} 38. Nc1 {[%emt 0:05:48]} Rb2 {[%emt 0:04:14]} 1-0

[Event "7th Capablanca Memorial GM 2019"]
[Site "Anogia"]
[Date "2019.09.17"]
[Round "7.2"]
[White "Manish Anto Cristiano F"]
[Black "Ioannidis, Evgenios"]
[Result "1/2-1/2"]
[WhiteElo "2364"]
[BlackElo "2390"]
[Annotator "ChessBase"]
[PlyCount "152"]
[EventDate "2019.09.11"]
[EventType "tourn"]
[EventCountry "GRE"]
[SourceTitle "playchess.com"]
[Source "ChessBase"]
[SourceQuality "1"]
[TimeControl "40/5400+30:1800+30"]

1. e4 {[%emt 0:00:00]} c6 {[%emt 0:01:10]} 2. d4 {[%emt 0:00:04]} d5 {[%emt 0:00:13]} 3. Nc3 {[%emt 0:00:31]} dxe4 {[%emt 0:00:25]} 4. Nxe4 {[%emt 0:00:32]} Bf5 {[%emt 0:00:14]} 5. Ng3 {[%emt 0:00:27]} Bg6 {[%emt 0:00:11]} 6. h4 {[%emt 0:00:32]} h6 {[%emt 0:00:17]} 7. Nf3 {[%emt 0:00:30]} Nd7 {[%emt 0:00:26]} 8. h5 {[%emt 0:00:31]} Bh7 {[%emt 0:00:06]} 9. Bd3 {[%emt 0:00:33]} Bxd3 {[%emt 0:00:10]} 10. Qxd3 {[%emt 0:00:28]} e6 {[%emt 0:00:22]} 11. Bd2 {[%emt 0:00:32]} Bd6 {[%emt 0:01:17]} 12. Ne4 {[%emt 0:02:32]} Bc7 {[%emt 0:00:56]} 13. O-O-O {[%emt 0:08:16]} Ngf6 {[%emt 0:00:42]} 14. Kb1 {[%emt 0:01:09]} Nxe4 {[%emt 0:00:59]} 15. Qxe4 {[%emt 0:00:20]} Nf6 {[%emt 0:00:14]} 16. Qd3 {[%emt 0:04:05]} Qd5 {[%emt 0:00:35]} 17. c4 {[%emt 0:01:08]} Qe4 {[%emt 0:00:06]} 18. Qxe4 {[%emt 0:00:38]} Nxe4 {[%emt 0:00:08]} 19. Be3 {[%emt 0:02:27]} O-O {[%emt 0:01:23]} 20. Ne5 {[%emt 0:03:28]} Rfd8 {[%emt 0:01:33]} 21. g4 {[%emt 0:07:25]} f5 {[%emt 0:02:06]} 22. Rhg1 {[%emt 0:08:30]} f4 {[%emt 0:05:09]} 23. Bxf4 {[%emt 0:01:23]} Nxf2 {[%emt 0:00:08]} 24. Rdf1 {[%emt 0:18:41]} Nh3 {[%emt 0:08:20]} 25. Rh1 {[%emt 0:00:45]} Nxf4 {[%emt 0:00:06]} 26. Rxf4 {[%emt 0:00:18]} c5 {[%emt 0:21:38]} 27. Re1 {[%emt 0:03:26]} cxd4 {[%emt 0:03:52]} 28. Rf3 {[%emt 0:03:20]} Bxe5 {[%emt 0:07:51]} 29. Rxe5 {[%emt 0:00:25]} d3 {[%emt 0:00:05]} 30. Kc1 {[%emt 0:05:00]} Rd4 {[%emt 0:01:30]} 31. Kd2 {[%emt 0:07:34]} Rad8 {[%emt 0:01:48]} 32. g5 {[%emt 0:02:34]} hxg5 {[%emt 0:19:01]} 33. Rxg5 {[%emt 0:04:10]} Rxc4 {[%emt 0:00:13]} 34. h6 {[%emt 0:05:05]} Rc2+ {[%emt 0:00:05]} 35. Kd1 {[%emt 0:00:20]} Rc7 {[%emt 0:07:35]} 36. Rfg3 {[%emt 0:00:40]} Rdd7 {[%emt 0:00:10]} 37. Rxg7+ {[%emt 0:00:26]} Rxg7 {[%emt 0:00:04]} 38. hxg7 {[%emt 0:00:13]} Rxg7 {[%emt 0:06:19]} 39. Rxd3 {[%emt 0:00:14]} Kf7 {[%emt 0:00:02]} 40. Rf3+ {[%emt 0:00:00]} Ke7 {[%emt 0:00:00]} 41. Rf2 {[%emt 0:03:28]} e5 {[%emt 0:01:02]} 42. Ke2 {[%emt 0:00:11]} Ke6 {[%emt 0:00:09]} 43. Ke3 {[%emt 0:00:33]} Rg3+ {[%emt 0:03:05]} 44. Ke4 {[%emt 0:00:10]} Rg4+ {[%emt 0:01:10]} 45. Ke3 {[%emt 0:00:01]} Ra4 {[%emt 0:02:38]} 46. b3 {[%emt 0:02:15]} Rh4 {[%emt 0:02:55]} 47. Rg2 {[%emt 0:00:16]} Kd5 {[%emt 0:01:54]} 48. Rd2+ {[%emt 0:00:54]} Rd4 {[%emt 0:05:04]} 49. Rc2 {[%emt 0:00:48]} a5 {[%emt 0:05:48]} 50. Rc7 {[%emt 0:00:28]} b6 {[%emt 0:05:58]} 51. Rd7+ {[%emt 0:02:13]} Kc5 {[%emt 0:00:07]} 52. Re7 {[%emt 0:00:08]} Rd5 {[%emt 0:00:39]} 53. Ke4 {[%emt 0:02:15]} Rd2 {[%emt 0:01:10]} 54. a3 {[%emt 0:04:28]} Rd4+ {[%emt 0:00:21]} 55. Ke3 {[%emt 0:01:03]} Kd6 {[%emt 0:04:37]} 56. Rb7 {[%emt 0:00:28]} Kc6 {[%emt 0:01:37]} 57. Re7 {[%emt 0:00:10]} Rd5 {[%emt 0:00:13]} 58. Re6+ {[%emt 0:00:51]} Kb7 {[%emt 0:09:02]} 59. a4 {[%emt 0:00:40]} Kc7 {[%emt 0:00:04]} 60. Ke4 {[%emt 0:00:24]} Rd4+ {[%emt 0:00:09]} 61. Kxe5 {[%emt 0:00:11]} Rd3 {[%emt 0:01:14]} 62. Ke4 {[%emt 0:01:09]} Rxb3 {[%emt 0:00:41]} 63. Kd5 {[%emt 0:00:25]} Rb4 {[%emt 0:00:22]} 64. Re7+ {[%emt 0:00:31]} Kd8 {[%emt 0:00:05]} 65. Re4 {[%emt 0:00:14]} Rxe4 {[%emt 0:01:12]} 66. Kxe4 {[%emt 0:00:21]} Kc7 {[%emt 0:00:10]} 67. Kd5 {[%emt 0:00:16]} Kd7 {[%emt 0:00:04]} 68. Kc4 {[%emt 0:00:10]} Kc6 {[%emt 0:00:05]} 69. Kd4 {[%emt 0:00:05]} b5 {[%emt 0:00:08]} 70. axb5+ {[%emt 0:00:05]} Kxb5 {[%emt 0:00:03]} 71. Kc3 {[%emt 0:00:13]} a4 {[%emt 0:00:06]} 72. Kb2 {[%emt 0:00:05]} Kb4 {[%emt 0:00:04]} 73. Ka2 {[%emt 0:00:07]} a3 {[%emt 0:00:03]} 74. Ka1 {[%emt 0:00:07]} Kb3 {[%emt 0:00:03]} 75. Kb1 {[%emt 0:00:08]} a2+ {[%emt 0:00:02]} 76. Ka1 {[%emt 0:00:07]} Ka3 {[%emt 0:00:01]} 1/2-1/2

[Event "7th Capablanca Memorial GM 2019"]
[Site "Anogia"]
[Date "2019.09.17"]
[Round "7.3"]
[White "Dushyant Sharma"]
[Black "Patrelakis, Evaggelos"]
[Result "1-0"]
[WhiteElo "2242"]
[BlackElo "2202"]
[Annotator "ChessBase"]
[PlyCount "128"]
[EventDate "2019.09.11"]
[EventType "tourn"]
[EventCountry "GRE"]
[SourceTitle "playchess.com"]
[Source "ChessBase"]
[SourceQuality "1"]
[TimeControl "40/5400+30:1800+30"]

1. e4 {[%emt 0:00:00]} c5 {[%emt 0:00:00]} 2. Nf3 {[%emt 0:00:00]} d6 {[%emt 0:00:07]} 3. d4 {[%emt 0:00:00]} cxd4 {[%emt 0:00:06]} 4. Nxd4 {[%emt 0:00:00]} Nf6 {[%emt 0:00:11]} 5. Nc3 {[%emt 0:00:09]} e6 {[%emt 0:00:08]} 6. f4 {[%emt 0:00:58]} a6 {[%emt 0:00:29]} 7. Nf3 {[%emt 0:00:17]} Qc7 {[%emt 0:00:37]} 8. Bd3 {[%emt 0:00:22]} b5 {[%emt 0:01:10]} 9. a3 {[%emt 0:03:39]} Bb7 {[%emt 0:00:21]} 10. O-O {[%emt 0:00:25]} Be7 {[%emt 0:01:12]} 11. Qe1 {[%emt 0:00:19]} Nc6 {[%emt 0:27:52]} 12. Kh1 {[%emt 0:03:30]} b4 {[%emt 0:05:08]} 13. Ne2 {[%emt 0:05:00]} bxa3 {[%emt 0:02:44]} 14. bxa3 {[%emt 0:01:47]} O-O {[%emt 0:01:45]} 15. Ng3 {[%emt 0:05:12]} Nd7 {[%emt 0:03:55]} 16. Bb2 {[%emt 0:05:53]} e5 {[%emt 0:14:46]} 17. Nf5 {[%emt 0:04:44]} Bf6 {[%emt 0:00:25]} 18. Ne3 {[%emt 0:01:19]} exf4 {[%emt 0:12:43]} 19. Nd5 {[%emt 0:03:04]} Qd8 {[%emt 0:00:02]} 20. Nxf6+ {[%emt 0:04:17]} Nxf6 {[%emt 0:00:01]} 21. Rb1 {[%emt 0:00:44]} Bc8 {[%emt 0:01:53]} 22. e5 {[%emt 0:08:39]} dxe5 {[%emt 0:03:28]} 23. Nxe5 {[%emt 0:00:56]} Nxe5 {[%emt 0:01:46]} 24. Qxe5 {[%emt 0:00:52]} Qd5 {[%emt 0:03:29]} 25. Qxf4 {[%emt 0:10:52]} Bb7 {[%emt 0:00:47]} 26. Qg3 {[%emt 0:01:35]} Nh5 {[%emt 0:00:32]} 27. Qh3 {[%emt 0:01:22]} g6 {[%emt 0:00:44]} 28. Rf2 {[%emt 0:10:57]} Bc8 {[%emt 0:04:28]} 29. Qh4 {[%emt 0:01:41]} Be6 {[%emt 0:01:50]} 30. Rbf1 {[%emt 0:01:13]} Rab8 {[%emt 0:00:37]} 31. Bd4 {[%emt 0:02:03]} Rfd8 {[%emt 0:01:18]} 32. c3 {[%emt 0:00:29]} a5 {[%emt 0:02:07]} 33. Be2 {[%emt 0:00:36]} h6 {[%emt 0:02:36]} 34. Bxh5 {[%emt 0:02:01]} Qxh5 {[%emt 0:00:09]} 35. Qf6 {[%emt 0:01:46]} Rxd4 {[%emt 0:00:08]} 36. cxd4 {[%emt 0:00:35]} Rc8 {[%emt 0:02:01]} 37. Re1 {[%emt 0:04:36]} Qd5 {[%emt 0:01:33]} 38. Rfe2 {[%emt 0:02:36]} Rc6 {[%emt 0:02:56]} 39. h3 {[%emt 0:00:53]} h5 {[%emt 0:00:31]} 40. Rd2 {[%emt 0:00:00]} Rc8 {[%emt 0:00:00]} 41. Qe5 {[%emt 0:04:26]} a4 {[%emt 0:06:04]} 42. Qg3 {[%emt 0:12:26]} Qa5 {[%emt 0:03:56]} 43. Rde2 {[%emt 0:01:05]} Rc3 {[%emt 0:04:35]} 44. Re3 {[%emt 0:02:30]} Rxe3 {[%emt 0:00:22]} 45. Rxe3 {[%emt 0:00:37]} Qd5 {[%emt 0:01:18]} 46. Qe5 {[%emt 0:00:26]} Qc4 {[%emt 0:01:21]} 47. Kh2 {[%emt 0:00:50]} Bd5 {[%emt 0:01:57]} 48. Qf6 {[%emt 0:02:22]} Be6 {[%emt 0:02:31]} 49. Re5 {[%emt 0:01:44]} Kh7 {[%emt 0:01:54]} 50. Qf4 {[%emt 0:00:57]} Qa2 {[%emt 0:01:03]} 51. Qf3 {[%emt 0:02:15]} Qb2 {[%emt 0:00:48]} 52. Qe3 {[%emt 0:04:37]} Qb8 {[%emt 0:01:19]} 53. Qg3 {[%emt 0:02:47]} Qa8 {[%emt 0:02:08]} 54. Rb5 {[%emt 0:01:25]} Qe4 {[%emt 0:03:11]} 55. Qe5 {[%emt 0:01:10]} Qxe5+ {[%emt 0:00:39]} 56. Rxe5 {[%emt 0:00:09]} Kg7 {[%emt 0:00:16]} 57. d5 {[%emt 0:00:09]} Bd7 {[%emt 0:01:02]} 58. d6 {[%emt 0:00:22]} Kf6 {[%emt 0:00:41]} 59. Re7 {[%emt 0:00:09]} Bc6 {[%emt 0:00:41]} 60. h4 {[%emt 0:00:13]} Bd5 {[%emt 0:00:21]} 61. Kg3 {[%emt 0:00:33]} Bc6 {[%emt 0:00:42]} 62. Kf2 {[%emt 0:00:09]} Bd5 {[%emt 0:00:08]} 63. g3 {[%emt 0:00:04]} Bc6 {[%emt 0:00:04]} 64. Ke3 {[%emt 0:00:04]} Bb5 {[%emt 0:00:12]} 1-0

[Event "7th Capablanca Memorial GM 2019"]
[Site "Anogia"]
[Date "2019.09.17"]
[Round "7.4"]
[White "David, Alberto"]
[Black "Audi Ameya"]
[Result "1-0"]
[WhiteElo "2533"]
[BlackElo "2329"]
[Annotator "RC"]
[PlyCount "89"]
[EventDate "2019.09.11"]
[EventType "tourn"]
[EventCountry "GRE"]
[SourceTitle "playchess.com"]
[Source "ChessBase"]
[SourceQuality "1"]
[TimeControl "40/5400+30:1800+30"]

1. d4 {[%emt 0:00:00]} Nf6 {[%emt 0:00:00]} 2. c4 {[%emt 0:00:00]} c5 {[%emt 0:01:43]} 3. d5 {[%emt 0:02:04]} e6 {[%emt 0:00:07]} 4. Nc3 {[%emt 0:00:50]} exd5 {[%emt 0:00:17]} 5. cxd5 {[%emt 0:00:07]} d6 {[%emt 0:00:03]} 6. Nf3 {[%emt 0:07:11]} g6 {[%emt 0:00:13]} 7. Bf4 {[%emt 0:00:10]} Bg7 {[%emt 0:01:26]} 8. Qa4+ {[%emt 0:02:11]} Bd7 {[%emt 0:09:32]} 9. Qb3 {[%emt 0:00:20]} Qc7 {[%emt 0:00:39]} 10. e4 {[%emt 0:03:40]} O-O {[%emt 0:01:14]} 11. Nd2 {[%emt 0:03:33]} Re8 {[%emt 0:19:47]} 12. Be2 {[%emt 0:00:57]} b5 {[%emt 0:18:23]} 13. Bxb5 {[%emt 0:18:02]} Nh5 {[%emt 0:00:09]} 14. Be3 {[%emt 0:00:06]} f5 {[%emt 0:00:28]} 15. g3 {[%emt 0:04:47]} fxe4 {[%emt 0:00:16]} 16. Be2 {[%emt 0:23:17]} a5 {[%emt 0:07:47]} 17. a4 {[%emt 0:06:50]} Na6 {[%emt 0:01:00]} 18. Ndxe4 {[%emt 0:00:58]} Rab8 {[%emt 0:11:30]} 19. Qd1 {[%emt 0:03:30]} Nb4 {[%emt 0:00:18]} 20. O-O {[%emt 0:01:07]} Bh3 {[%emt 0:06:39]} 21. Re1 {[%emt 0:03:38]} Bf5 {[%emt 0:00:02]} 22. Bxh5 {[%emt 0:03:32]} gxh5 {[%emt 0:02:20]} 23. f3 {[%emt 0:00:52]} c4 {[%emt 0:04:12]} 24. Nb5 {[%emt 0:01:45]} Qd7 {[%emt 0:03:31]} 25. Nexd6 {[%emt 0:04:28]} Rxb5 {[%emt 0:00:14]} 26. Nxb5 {[%emt 0:03:40]} Nc2 {[%emt 0:00:02]} 27. Qd2 {[%emt 0:00:38]} Bxb2 {[%emt 0:02:03]} 28. Rad1 {[%emt 0:00:41]} Bd3 {[%emt 0:01:43]} 29. Bc5 {[%emt 0:02:49]} Rxe1+ {[%emt 0:05:19]} 30. Rxe1 {[%emt 0:00:03]} Nxe1 {[%emt 0:00:03]} 31. Qxe1 {[%emt 0:00:12]} Bf6 {[%emt 0:00:46]} 32. Bd4 {[%emt 0:00:47]} Bxd4+ {[%emt 0:02:00]} 33. Nxd4 {[%emt 0:00:03]} Qxd5 {[%emt 0:00:01]} 34. Qe8+ {[%emt 0:00:39]} Kg7 {[%emt 0:00:01]} 35. Qe7+ {[%emt 0:00:51]} Kg6 {[%emt 0:00:02]} 36. Ne6 {[%emt 0:01:01]} Kf5 {[%emt 0:03:13]} 37. Ng7+ {[%emt 0:01:11]} Kg6 {[%emt 0:00:04]} 38. Ne6 {[%emt 0:00:03]} Kf5 {[%emt 0:00:05]} 39. h4 {[%emt 0:01:47]} c3 {[%emt 0:01:33]} 40. Ng7+ {[%emt 0:00:00]} Kg6 {[%emt 0:00:00]} 41. Ne6 {[%emt 0:01:32]} Kf5 {[%emt 0:00:59]} 42. Nf4 {[%emt 0:03:04]} Qg8 {[%emt 0:10:10]} 43. Qd7+ {[%emt 0:02:36]} Kf6 {[%emt 0:00:18]} 44. Qd6+ {[%emt 0:02:42]} Kf7 {[%emt 0:00:55]} 45. Qe6+ {[%emt 0:00:08]} 1-0

[Event "7th Capablanca Memorial GM 2019"]
[Site "Anogia"]
[Date "2019.09.17"]
[Round "7.5"]
[White "Osmak, Iulija"]
[Black "Mirzoev, Emil"]
[Result "1/2-1/2"]
[WhiteElo "2408"]
[BlackElo "2477"]
[Annotator "ChessBase"]
[PlyCount "29"]
[EventDate "2019.09.11"]
[EventType "tourn"]
[EventCountry "GRE"]
[SourceTitle "playchess.com"]
[Source "ChessBase"]
[SourceQuality "1"]
[TimeControl "40/5400+30:1800+30"]

1. Nf3 {[%emt 0:06:49]} Nf6 {[%emt 0:00:00]} 2. c4 {[%emt 0:00:11]} g6 {[%emt 0:00:00]} 3. Nc3 {[%emt 0:00:08]} Bg7 {[%emt 0:00:28]} 4. d4 {[%emt 0:00:05]} d5 {[%emt 0:00:03]} 5. e3 {[%emt 0:01:40]} O-O {[%emt 0:00:06]} 6. Be2 {[%emt 0:00:03]} c5 {[%emt 0:00:38]} 7. dxc5 {[%emt 0:00:23]} dxc4 {[%emt 0:00:10]} 8. Qxd8 {[%emt 0:00:05]} Rxd8 {[%emt 0:00:04]} 9. Bxc4 {[%emt 0:00:04]} Nbd7 {[%emt 0:00:37]} 10. c6 {[%emt 0:00:19]} bxc6 {[%emt 0:00:04]} 11. Bd2 {[%emt 0:00:38]} Nb6 {[%emt 0:00:04]} 12. Be2 {[%emt 0:01:09]} Nfd5 {[%emt 0:00:40]} 13. Rc1 {[%emt 0:00:26]} Nb4 {[%emt 0:00:28]} 14. O-O {[%emt 0:00:39]} Nd3 {[%emt 0:00:30]} 15. Bxd3 {[%emt 0:01:52]} 1/2-1/2